| 000 | 00641nam a22001937a 4500 | ||
|---|---|---|---|
| 003 | NUST-PNEC | ||
| 005 | 20170116180742.0 | ||
| 008 | 141222b xxu||||| |||| 00| 0 eng d | ||
| 020 | _a075131398X | ||
| 040 | _cPNEC | ||
| 082 | _a613.71 ROB | ||
| 100 |
_91133 _aRoberts Matt |
||
| 245 |
_a90-day fitness plan _cMatt Roberts |
||
| 260 |
_aLondon : _bDorling Kindersley, _cc2001. |
||
| 300 |
_a143 p. : _bill. (chiefly col.) ; _c24 cm. |
||
| 500 | _aIncludes index. | ||
| 856 | _uhttp://www.amazon.com/90-day-Fitness-Plan-Matt-Roberts/dp/075131398X/ref=sr_1_1?s=books&ie=UTF8&qid=1419192803&sr=1-1&keywords=075131398X | ||
| 942 |
_2ddc _cBK |
||
| 999 |
_c62206 _d62206 |
||